Doka Xpress časopis o debnení

Bibliographic Details
Previous Title:Informátor
Format: Journal
Language:Slovak
PhysicalDescription:zv. 30 cm
Published: Amstetten Doka 2009-
Bratislava Doka Slovakia
Subjects:
Online Access:http://www.doka.com/doka/sk/whatsnew/formworknews/2008/index.php

MARC

LEADER 00000cas a2200000 a 4500
001 vtls010185455
003 SK-MaSNL
005 20260228161152.0
008 101103c20099999xo fr p 0 b0slo
040 |a SVKBB  |b slo  |c SVKBB  |d SNK  |e AACR2 
041 0 |a slo 
044 |a xo  |c SK 
072 7 |a 69  |x Stavebníctvo  |2 konspekt 
080 |a 69.057.5  |2 2011 
080 |a 050  |2 2011 
080 |a (085.3)  |2 2011 
245 0 0 |a Doka Xpress  |b časopis o debnení 
260 |a Amstetten  |b Doka  |c 2009- 
260 3 |3 2/2009-  |a Bratislava  |b Doka Slovakia 
300 |a zv.  |c 30 cm 
310 |a 2x ročne 
362 0 |a Č. 1 (2009)- 
500 |a Popis podľa č. 1/2015 
500 |a Podnázov v tiráži: publikácia medzinárodnej Doka skupiny 
650 0 7 |a stavebníctvo  |2 SNKPH  |9 726 
650 0 7 |a debnenie  |2 SNKPH  |9 268126 
655 7 |a firemné časopisy  |2 SNKPH  |9 76220 
780 0 0 |t Informátor 
852 |a Štátna vedecká knižnica v Banskej Bystrici 
856 4 1 |u http://www.doka.com/doka/sk/whatsnew/formworknews/2008/index.php 
910 |a snk 
999 |c 4544  |d 6474 
952 |0 0  |1 0  |4 0  |7 0  |8 0  |a SNK  |b SNK  |d 2020-11-18  |i snk2020/20628  |l 0  |o snkČSB 7280/2019  |p 17A1432693  |r 2026-02-21 19:24:14  |t č. 1-2  |w 2026-02-21  |y PREZ 
952 |0 0  |1 0  |4 0  |7 0  |8 0  |a SNK  |b SNK  |d 2019-09-19  |f 1  |i snk2019/23294  |l 0  |o snkČSB 7280/2017  |p 17A1382960  |r 2026-02-21 20:51:40  |t č. 1-2  |w 2026-02-21  |y PREZ 
952 |0 0  |1 0  |4 0  |7 0  |8 0  |a SNK  |b SNK  |d 2019-09-19  |f 1  |i snk2019/23305  |l 0  |o snkČSB 7280/2018  |p 17A1382958  |r 2026-02-21 21:00:57  |t č. 1-2  |w 2026-02-21  |y PREZ 
952 |0 0  |1 0  |4 0  |7 0  |8 0  |a SNK  |b SNK  |d 2024-12-03  |i snk2024/17977  |l 0  |o snkČSB 7280/2021  |p 17A1525160  |r 2026-02-21 21:11:22  |t č. 1-2, neúplné  |w 2026-02-21  |y PREZ  |z Chýba č. 2 
952 |0 0  |1 0  |4 0  |7 0  |8 0  |a SNK  |b SNK  |d 2024-12-03  |i snk2024/17978  |l 0  |o snkČSB 7280/2022  |p 17A1525161  |r 2026-02-21 21:11:23  |t č. 1-2  |w 2026-02-21  |y PREZ 
952 |0 0  |1 0  |4 0  |7 0  |8 0  |a SNK  |b SNK  |d 2024-12-03  |i snk2024/17979  |l 0  |o snkČSB 7280/2023  |p 17A1525162  |r 2026-02-21 21:11:23  |t č. 1-2  |w 2026-02-21  |y PREZ 
952 |0 0  |1 0  |4 0  |7 0  |8 0  |a SNK  |b SNK  |d 2019-09-18  |f 1  |i snk2019/23225  |l 0  |o snkČSB 7280/2015  |p 17A1382963  |r 2026-02-21 21:52:14  |t č. 1-2  |w 2026-02-21  |y PREZ 
952 |0 0  |1 0  |4 0  |7 0  |8 0  |a SNK  |b SNK  |d 2019-09-18  |f 1  |i snk2019/23228  |l 0  |o snkČSB 7280/2016  |p 17A1382962  |r 2026-02-21 21:52:14  |t č. 1-2  |w 2026-02-21  |y PREZ 
952 |0 0  |1 0  |4 0  |7 0  |8 0  |a SNK  |b SNK  |d 2019-09-18  |i snk2019/23229  |l 0  |o snkČSB 7280/2016 D1  |p 17A1382961  |r 2026-02-21 21:52:14  |t č. 1-2  |w 2026-02-21  |y PREZ 
952 |0 0  |1 0  |4 0  |7 0  |8 0  |a SNK  |b SNK  |d 2020-07-02  |i snk2020/11769  |l 0  |o snkČSB 7280/2018 D1  |p 17A1430766  |r 2026-02-21 22:01:34  |t č. 1-2  |w 2026-02-21  |y PREZ 
952 |0 0  |1 0  |4 0  |7 0  |8 0  |a SNK  |b SNK  |d 2020-03-03  |i snk2020/5423  |l 0  |o snkČSB 7280/2017 D1  |p 17A1386436  |r 2026-02-21 22:30:13  |t č. 1-2  |w 2026-02-21  |y PREZ